000 00969nam a22002417a 4500
003 DO-SdBNP
005 20220204121615.0
007 ta
008 220204b2019 dr ||||| |||| 00| 0 spa d
020 _a9789945617047
040 _aDO-SdBNP
_bspa
_cBNPHU
082 4 _222
_bO45n
100 1 _aÓleo, Osiris De,
_d1925-
_981139
245 1 0 _aNociones de lengua española /
_cOsiris De Óleo.
260 _aSanto Domingo :
_bSantuario,
_c2019.
300 _a127 p. ;
_c23 cm.
500 _aIncluye datos biográficos del autor en las solapas.
500 _aIncluye referencias bibliográficas y notas al pie de las páginas.
505 0 _aA los profesores --
_tIntroducción --
_tLas partes variables y las invariables de la oración --
_tFonemas, letras, silabas --
_tSignos ortográficos y signos de puntuación --
_tPalabras parónimas, homófonos, homónimas y sinónimas --
590 _aInventariado, 2022 /LP
910 _aLopérez.
942 _2ddc
_cLBS1
999 _c51342
_d51342